Rathriyo athideergham/ (Record no. 181812)

000 -LEADER
fixed length control field 00401nam a22001697a 4500
020 ## - INTERNATIONAL STANDARD BOOK NUMBER
ISBN 9789364877862
082 ## - DEWEY DECIMAL CLASSIFICATION NUMBER
Classification number M301
Item number JIS/R
100 ## - MAIN ENTRY--AUTHOR NAME
Personal name Jisa Jose
245 ## - TITLE STATEMENT
Title Rathriyo athideergham/
Statement of responsibility, etc by Jisa Jose
250 ## - EDITION STATEMENT
Edition statement 2nd ed.
260 ## - PUBLICATION, DISTRIBUTION, ETC. (IMPRINT)
Place of publication Kottayam:
Name of publisher DC Books,
Year of publication 2025.
300 ## - PHYSICAL DESCRIPTION
Number of Pages 176p.
650 ## - SUBJECT ADDED ENTRY--TOPICAL TERM
Topical Term Stories Malayalam
650 ## - SUBJECT ADDED ENTRY--TOPICAL TERM
Topical Term Literature Malayalam
650 ## - SUBJECT ADDED ENTRY--TOPICAL TERM
Topical Term Literature
942 ## - ADDED ENTRY ELEMENTS (KOHA)
Koha item type Book
Holdings
Withdrawn status Lost status Damaged status Not for loan Permanent Location Current Location Shelving location Date acquired Cost, normal purchase price Full call number Accession Number Price effective from Koha item type
        Sree Sankaracharya University of Sanskrit Sree Sankaracharya University of Sanskrit Stacks 25.05.2026 230.00 M301 JIS/R 108931 25.05.2026 Book